Fundamentals of guidance and counselling / (Record no. 5806)
[ view plain ]
| 000 -LEADER | |
|---|---|
| fixed length control field | 00940cam a2200205 a 4500 |
| 020 ## - INTERNATIONAL STANDARD BOOK NUMBER | |
| ISBN | 9781296348 |
| 050 00 - CALL NUMBER | |
| Classification number | LB1027.5 |
| Item number | .Om1 |
| 100 1# - AUTHOR | |
| Personal name | Okoye, Norbert N. |
| 245 10 - TITLE | |
| Title | Fundamentals of guidance and counselling / |
| Statement of responsibility, etc | by Norbert N. Okoye (text editor), Dayo Adejumo, Christine Achebe. |
| 260 ## - PUBLICATION INFORMATION | |
| Place of publication | Ibadan : |
| Name of publisher | Heinemann Educational Books (Nigeria), |
| Year of publication | 1990. |
| 300 ## - DESCRIPTION | |
| Number of Pages | ix, 268 p. ; |
| Dimensions | 24 cm. |
| 440 #0 - SERIES | |
| SERIES | Heinemann semester series in education |
| 500 ## - NOTES | |
| General note | Includes index |
| 505 ## - FORMATTED CONTENTS NOTE | |
| Table of Content | Unit 1. An overview of guidance and counselling 1<br/>Unit 2. The practice of guidance and counselling 63<br/>Unit 3. Vocational guidance and career development 119<br/>Unit 4. Appraisal in guidance and counselling 181<br/>Appendix: Codes and ethics in guidance and counselling 255<br/> |
| 650 #0 - SUBJECTS | |
| Topical Term | Educational counseling |
| 650 #0 - SUBJECTS | |
| Topical Term | Student counselors |
| General subdivision | Training of |
| 700 1# - OTHER AUTHORS | |
| Personal name | Adejumo, Dayo. |
| 700 1# - OTHER AUTHORS | |
| Personal name | Achebe, Christine. |
| 942 ## - ADDED ENTRY ELEMENTS (KOHA) | |
| Koha item type | Books |
| Withdrawn status | Lost status | Collection code | Home library | Current library | Shelving location | Date acquired | Full call number | Accession Number | Koha item type |
|---|---|---|---|---|---|---|---|---|---|
| Reference | Methodist University Library Main | Methodist University Library Main | General Stacks | 24/05/2008 | LB1027.5 .Om1 | 22579 | Books |